Lepidoptera Families - Statistics

General Stats
  • This quiz has been taken 12 times
  • The average score is 11 of 14
Answer Stats
Hint Answer % Correct
geometer moths Geometridae
100%
brush-footed butterflies Nymphalidae
100%
sphinx/hawk moths Sphingidae
100%
Tortrix moths Tortricidae
100%
skippers Hesperiidae
83%
owlet moths Noctuidae
83%
swallowtails Papilionidae
83%
Giant Silkworm moths Saturnidae
83%
tiger/tussock moths Erebidae
67%
tent caterpillar/lappet moths Lasiocampidae
67%
hairstreaks, blues Lycaenidae
67%
whites, sulfurs Pieridae
67%
snout moths Pyralidae
67%
clear winged moths Sesiidae
50%
No matching quizzes found
Score Distribution
Percent of People with Each Score
Percentile by Number Answered
Your Score History
You have not taken this quiz